Movies of 1992 Quiz Stats

 Plays Quiz Updated Apr 30, 2018

Score 0/16 Timer 06:00
0 Plays Today
% Correct
Aladdin
96.3%
Sister Act
89.6%
Wayne's World
87.9%
A Few Good Men
80.3%
Beethoven
79.1%
Batman Returns
78.4%
The Mighty Ducks
76.2%
Basic Instinct
73.2%
% Correct
Malcolm X
67.6%
The Last of the Mohicans
67.1%
Reservoir Dogs
63.4%
Scent of a Woman
58.7%
The Bodyguard
49.5%
Unforgiven
48.9%
Glengarry Glen Ross
30.7%
3 Ninjas
24.1%

You're not logged in!

Compare scores with friends on all Sporcle quizzes.
OR
Log In

Show Comments

Extras

Top Quizzes Today


Score Distribution

Your Account Isn't Verified!

In order to create a playlist on Sporcle, you need to verify the email address you used during registration. Go to your Sporcle Settings to finish the process.

Report this User

Report this user for behavior that violates our Community Guidelines.

Details: